00745nam a22002417a 450000500170000001000310001702000230004802000260007103500170009703500130011403500130012703700090014003700240014908200080017324500410018126000350022227000620025730000260031950400500034560000350039560000340043065000390046420210204110854.0 aB-310272-288 B-736827 a014303104Xc350.00 a9780143031048c350.00 aB-310272-288 aB-359063 aB-736827 bGDMK bGift/Eng/03-02-2021 a921 aJawaharlal Nehru:ban autobiography  aNew DelhibPenguin Booksc2004 a11, Community Centre, Panchsheel ParkbNew Delhie110017 axv, 655p. c23cm(pbk) aIncludes bibliographical references and index aNehru, Jawaharlal,d1889-1964. aGandhi,cMahatma,d1869-1948. aPrime ministerszIndiaxBiography.